000 01180nam a22003137a 4500
999 _c89631
_d89631
005 20190916164457.0
010 _aBAC-EN21 ENG-112037 B-706478
020 _a9780143420361
_c250.00
035 _aEN-95569
035 _aB-581658-681
035 _aB-666135
035 _aB-706478
035 _aB-729998
037 _bPragati/Ven
_adpl
037 _bDBAD/PUB
037 _bGift
082 _aN
100 _a Murty, Sudha
245 _aHouse of cards /
_bby Sudha Murty
260 _aNew Delhi
_bPenguin Books
_c2013
270 _a11 Community Centre, Panchsheel Park
_bNew Delhi
_e110017
270 _a7th Floor, Infinity Tower C, DLF Cyber City
_bGurgaon (Haryana)
_e122002
300 _a232p.
_c20cm(pbk)
942 _2ddc
_cCH
_mMUR
_hN